Normal view
MARC view
Entry Geographic Name
001 - CONTROL NUMBER
- control field: 43142
003 - CONTROL NUMBER IDENTIFIER
- control field: ARRUPE
005 - DATE AND TIME OF LATEST TRANSACTION
- control field: 20181030090511.0
008 - FIXED-LENGTH DATA ELEMENTS
- fixed length control field: 181030|| aca||aabn | a|a d
040 ## - CATALOGING SOURCE
- Original cataloging agency: ARRUPE
- Transcribing agency: ARRUPE
151 ## - HEADING--GEOGRAPHIC NAME
- Geographic name: Morazán (El Salvador)
- General subdivision: History, Military.
670 ## - SOURCE DATA FOUND
- Source citation: Work cat.: (ARRUPE)0: Ponseele, Rogelio, 1939- 43140, Death and life in Morazán :, 1989.